Statistiken für Größte Städte in Schleswig-Holstein (mit Karte)

Klicken Sie hier um das Quiz zu spielen!

Allgemein

  • Dieses Quiz wurde 2.911 mal gespielt
  • Das Durchschnittsergebnis liegt bei 19 aus 50

Antworten auf der Karte

Die Antworten werden auf der Karte rot bzw. grün angezeigt, abhängig davon wie oft sie richtig erraten wurden.
 

Antwortstatistiken

EinwohnerKreisStadt% Korrekt
246.243KreisfreiKiel
100%
91.113KreisfreiFlensburg
97%
216.277KreisfreiLübeck
95%
79.496KreisfreiNeumünster
75%
23.478NordfrieslandHusum
66%
43.603PinnebergPinneberg
63%
25.510Schleswig-FlensburgSchleswig
61%
80.420SegebergNorderstedt
59%
31.855SteinburgItzehoe
58%
28.977Rendsburg-EckernfördeRendsburg
57%
13.741NordfrieslandSylt
57%
21.573Rendsburg-EckernfördeEckernförde
55%
50.141PinnebergElmshorn
54%
17.529SegebergBad Segeberg
53%
21.844DithmarschenHeide
52%
12.971OstholsteinFehmarn
48%
34.201StormarnAhrensburg
43%
24.841StormarnBad Oldesloe
42%
16.948OstholsteinEutin
39%
11.644Herzogtum LauenburgLauenburg/Elbe
38%
14.418Herzogtum LauenburgRatzeburg
38%
15.288OstholsteinNeustadt in Holstein
37%
12.381DithmarschenBrunsbüttel
35%
20.264OstholsteinBad Schwartau
34%
34.151PinnebergWedel
34%
19.329Herzogtum LauenburgMölln
33%
31.539Herzogtum LauenburgGeesthacht
30%
23.191SegebergKaltenkirchen
30%
22.015PinnebergQuickborn
30%
15.149SegebergBad Bramstedt
24%
28.182SegebergHenstedt-Ulzburg
24%
28.277StormarnReinbek
24%
11.580OstholsteinScharbeutz
24%
16.005PlönPreetz
23%
11.250Schleswig-FlensburgHandewitt
22%
15.987StormarnBargteheide
21%
16.940Herzogtum LauenburgSchwarzenbek
21%
17.961PinnebergHalstenbek
19%
18.376StormarnGlinde
18%
11.779Schleswig-FlensburgHarrislee
16%
14.118PinnebergTornesch
16%
18.476PinnebergUetersen
16%
14.437PinnebergRellingen
15%
19.402PinnebergSchenefeld
15%
15.166OstholsteinRatekau
14%
13.873PlönSchwentinental
13%
11.921Rendsburg-EckernfördeKronshagen
12%
12.899StormarnBarsbüttel
11%
17.079OstholsteinStockelsdorf
10%
13.366Herzogtum LauenburgWentorf bei Hamburg
10%

Verteilung der Resultate

Perzentil nach korrekt beantworteten Fragen

Anzahl Personen mit jedem Resultat

Ihre Resultats-Entwicklung

Sie haben dieses Quiz noch nicht gespielt